000
00493nam a2200145Ia 4500
008
151213s9999 xx 000 0 und d
100
_a
আবুল ফজল অল্লামী।
245
_a
আইন - ই - আককবরী।
_c
আবুল ফজল অল্লামী।
260
_a
ঢাকা
_c
2003
300
_a
8831 p.
650
_a
Bangla
650
_a
ীআইন আলোচনা।
700
_a
আবুল ফজল অল্লামী।
999
_c
4616
_d
4616